[Event "XIX Najdorf Memorial 2019"]
[Site "Warsaw"]
[Date "2019.07.10"]
[Round "5.8"]
[White "Nguyen, Piotr"]
[Black "Shyam, Sundar M."]
[Result "0-1"]
[WhiteElo "2420"]
[BlackElo "2520"]
[Annotator "TA"]
[PlyCount "90"]
[EventDate "2019.07.06"]
[EventType "swiss"]
[EventCountry "POL"]
[SourceTitle "playchess.com"]
[Source "ChessBase"]
[SourceQuality "1"]

{[%evp 18,90,6,8,33,17,27,14,33,35,58,61,54,49,46,54,103,103,122,97,97,91,143,139,138,83,140,145,199,159,218,208,299,266,460,441,511,460,511,509,693,686,692,396,397,422,737,0,0,0,0,0,0,-718,-735,-791,-693,-587,0,-692,0,-29987,-29988,-29988,-29989,-29989,-29990,-29992,-29993,-29993,-29994,-29994,-29995,-29995,-29996]} 1. c4 g6 2. g3 Bg7 3. Bg2 e5 4. Nc3 d6 5. e3 c5 6. Nge2 Nc6 7. O-O Nge7 8. a3 O-O 9. Rb1 a5 10. d3 h6 {A36: Symmetrical English vs ...g6: 4 Bg2 Bg7} (10... Rb8 11. Nd5 Nxd5 12. cxd5 Ne7 13. b4 cxb4 14. axb4 b5 15. bxa5 Qxa5 16. Bd2 b4 17. Qb3 Bg4 18. Nc1 Rb6 19. Na2 Be2 {1-0 (57) Nakamura,H (2779)-Dominguez Perez,L (2739) Doha 2016}) 11. Nd5 Nxd5 12. cxd5 Ne7 {The position is equal.} 13. b4 cxb4 14. axb4 a4 15. b5 Bf5 $146 ({Predecessor:} 15... Bg4 16. Ba3 Qb6 17. Rb4 Bxe2 18. Qxe2 {½-½ (36) Tu,H-Datu,I Jakarta 1997}) 16. Ba3 g5 17. Nc3 Bg6 18. Rb4 f5 19. Rxa4 Rxa4 (19... Qd7 $142) 20. Nxa4 $16 f4 21. Nb2 ({White should try} 21. e4) 21... Qd7 ({Black should play} 21... fxe3 22. fxe3 Rxf1+ 23. Qxf1 Qb6) 22. Nc4 Rf6 (22... Nc8 $16 23. b6 fxe3) 23. Re1 Bf7 (23... Nf5 $16 24. b6 Qd8) 24. e4 $18 Nc8 (24... Be8 {was worth a try.} 25. b6 Qd8) 25. b6 Qd8 $2 (25... Bg6 26. d4 Rf7 27. dxe5 dxe5 28. gxf4 Rxf4) 26. Qa4 Kh7 27. Rc1 Bh5 28. Qa8 Rf8 29. Qxb7 Be2 30. Nd2 fxg3 31. hxg3 Qf6 (31... Qxb6 $142 32. Qxb6 Nxb6 33. Bxd6 Rc8) 32. Rxc8 $2 (32. Rc7 $18) 32... Qxf2+ $11 33. Kh2 Rf3 34. Rh8+ (34. Nxf3 {gets mated.} Bxf3 35. Rh8+ Kg6 36. Rxh6+ Kxh6 37. Qxg7+ Kxg7 38. Bxd6 Qxg2#) 34... Kg6 35. Bc5 $2 {[%mdl 8192]} (35. Qd7 $11 Qxg3+ 36. Kh1 Qh4+ 37. Kg1 Qf2+ 38. Kh1 Qh4+ 39. Kg1 Qf2+ 40. Kh2 Qh4+ 41. Kg1) 35... Qxg3+ $19 36. Kg1 Qe1+ ({Not} 36... dxc5 37. Qd7 $11 (37. Qc6+ $2 Kh5 $19)) 37. Kh2 Qg3+ 38. Kg1 dxc5 $2 $40 {[%mdl 128] Black attacks.} (38... Bxh8 $19 39. Qd7 Qe1+ {[%mdl 64] Double Attack} 40. Kh2 Rf4) 39. Qc6+ $2 {[%mdl 8192] [#]} (39. Qd7 $11 Qf2+ 40. Kh2 Qg3+ 41. Kh1 Qh4+ 42. Kg1 Qf2+ 43. Kh2 Qg3+ 44. Kh1 Qh4+ 45. Kg1 Qf2+) 39... Kh5 $1 {[%mdl 512] Black mates.} 40. Qe8+ {[#]} Kh4 $1 {[%mdl 512]} 41. Qe6 Qf2+ 42. Kh2 Rg3 {[%csl Gg3][%cal Rf2g2]} 43. Rxh6+ Bxh6 44. Qxh6+ Bh5 {[%csl Gg3][%cal Rf2g2]} 45. Nf3+ Rxf3 {Accuracy: White = 76%, Black = 36%.} 0-1

[Event "XIX Najdorf Memorial 2019"]
[Site "Warsaw"]
[Date "2019.07.10"]
[Round "5.8"]
[White "Paszewski, Mateusz"]
[Black "Krasiewicz, Robert"]
[Result "1/2-1/2"]
[WhiteElo "2324"]
[BlackElo "2017"]
[Annotator "TA"]
[PlyCount "75"]
[EventDate "2019.07.06"]
[EventType "swiss"]
[EventCountry "POL"]
[SourceTitle "playchess.com"]
[Source "ChessBase"]
[SourceQuality "1"]

{[%evp 14,75,11,16,12,-14,6,-55,-40,-50,-41,-39,-2,-29,-30,-88,-83,-78,-88,-133,-115,-126,0,-45,0,0,64,68,61,67,139,137,196,113,117,113,139,108,89,98,93,30,142,156,118,63,60,53,82,0,7,0,0,0,0,0,0,0,0,0,0,0,0,0]} 1. Nf3 Nf6 2. c4 e6 3. Nc3 d5 4. e3 c5 5. cxd5 exd5 6. d4 Nc6 7. Be2 c4 8. O-O Bb4 {D32: Tarrasch Defence: Sidelines and lines without g3} 9. Ne5 O-O 10. f4 (10. Nxc6 $11 bxc6 11. f3) (10. Bf3 Bxc3 11. bxc3 Bf5 12. Nxc6 bxc6 13. Re1 Qa5 14. Qd2 Rfb8 15. g3 Ne4 16. Bxe4 Bxe4 {0-1 (46) Herman,J (2239)-Inkiov,V (2459) Charleroi 2017}) 10... Ne7 $146 {Black is slightly better.} ({Predecessor:} 10... Bxc3 11. bxc3 Qa5 12. Qc2 Re8 13. Bf3 g6 14. Qb2 Bf5 15. Bd2 Rab8 16. h3 a6 17. g4 Be4 18. Be2 Qd8 19. Be1 Nd7 20. Bg3 Ncxe5 21. fxe5 {½-½ (21) Ziems,M (1818)-Krueger,R (1913) Berlin 2017}) 11. Bf3 Bxc3 12. bxc3 Qa5 13. Qe1 Qa4 14. g4 (14. Bb2 $11 {keeps the balance.}) 14... Ne4 $17 15. Bxe4 dxe4 16. Qe2 b5 $1 17. Qg2 f5 (17... f6 $17 18. Qxe4 Rb8 19. Nxc4 Qxc4 20. Qxe7 Bb7) 18. Kh1 Be6 19. gxf5 Bxf5 ({Black should play} 19... Rxf5 $11 20. Rb1 a5) 20. Rg1 $1 $14 {[%csl Gg1][%cal Rg2g7]} g6 21. h4 {And now Qg5 would win.} Kg7 (21... b4 $14) 22. h5 $16 Rf6 (22... b4 $16 {is a better defense.} 23. Qg5 Rae8) 23. Bd2 (23. Rb1 $18) 23... Nd5 24. Qg5 Raf8 25. Rg2 b4 26. Rag1 {Hoping for cxb4.} ({Don't play} 26. hxg6 $6 hxg6 27. Rh2 Rh8 $11) 26... bxc3 {[#]} 27. Bc1 (27. Bxc3 $1 $16 {[%cal Rh5g6][%mdl 512]} Qa6 (27... Nxc3 28. hxg6) 28. hxg6 Rxg6 29. Nxg6 hxg6 30. Rh2) 27... Qa6 (27... Rg8 $1 $11) 28. Rh2 Rh8 29. hxg6 (29. a4 $16) 29... hxg6 $14 {White must now prevent ...Rxh2+.} 30. Rxh8 Kxh8 {[#]} 31. Rg2 (31. Kg2 $1 $16 Kg8 32. Rh1) 31... Kg8 {The position is equal.} 32. Rh2 {White threatens Qh6 and mate.} Qa4 {aiming for ...Qd1+.} 33. Qh6 $1 {[%csl Gh2][%cal Rh6h8]} Qd1+ {[%mdl 64] Double Attack} 34. Kg2 {[%csl Gh2][%cal Rh6h8]} Qe2+ 35. Kg1 {[%csl Gh2][%cal Rh6h8]} Qe1+ {[%mdl 64] Double Attack} 36. Kg2 {[%csl Gh2][%cal Rh6h8]} Qe2+ 37. Kg3 {[%csl Gh2][%cal Rh6h8]} Qe1+ {[%mdl 64] Double Attack} 38. Kg2 {Accuracy: White = 46%, Black = 55%.} 1/2-1/2

[Event "XIX Najdorf Memorial 2019"]
[Site "Warsaw"]
[Date "2019.07.10"]
[Round "5.9"]
[White "Gukesh D"]
[Black "Tomaszewski, Kacper"]
[Result "0-1"]
[WhiteElo "2520"]
[BlackElo "2346"]
[Annotator "ChessBase"]
[PlyCount "48"]
[EventDate "2019.07.06"]
[EventType "swiss"]
[EventCountry "POL"]
[SourceTitle "playchess.com"]
[Source "ChessBase"]
[SourceQuality "1"]
[TimeControl "40/5400+30:1800+30"]

1. c4 {[%emt 0:00:00]} g6 {[%emt 0:00:00]} 2. Nc3 {[%emt 0:01:04]} c5 {[%emt 0:00:39]} 3. e3 {[%emt 0:02:44]} Bg7 {[%emt 0:00:16]} 4. d4 {[%emt 0:01:43]} cxd4 {[%emt 0:01:39]} 5. exd4 {[%emt 0:00:05]} d5 {[%emt 0:02:59]} 6. Nxd5 {[%emt 0:08:18]} e6 {[%emt 0:00:55]} 7. Nc3 {[%emt 0:01:01]} Bxd4 {[%emt 0:02:31]} 8. Ne4 {[%emt 0:18:51]} Nf6 {[%emt 0:13:34]} 9. Nf3 {[%emt 0:02:16]} Nc6 {[%emt 0:04:57]} 10. Nxd4 {[%emt 0:08:43]} Nxe4 {[%emt 0:00:41]} 11. Be3 {[%emt 0:03:29]} Qa5+ {[%emt 0:00:58]} 12. Ke2 {[%emt 0:00:04]} O-O {[%emt 0:10:06]} 13. Nxc6 {[%emt 0:02:21]} bxc6 {[%emt 0:02:48]} 14. f3 {[%emt 0:01:41]} Rb8 {[%emt 0:17:03]} 15. fxe4 {[%emt 0:05:05]} Rxb2+ {[%emt 0:00:16]} 16. Kf3 {[%emt 0:00:09]} f5 {[%emt 0:00:40]} 17. Qd6 {[%emt 0:15:46]} e5 {[%emt 0:21:08]} 18. Qc5 {[%emt 0:07:39]} Qd8 {[%emt 0:03:40]} 19. Qxe5 {[%emt 0:02:24]} fxe4+ {[%emt 0:00:05]} 20. Kg3 {[%emt 0:00:30]} Rf5 {[%emt 0:00:30]} 21. Qxe4 {[%emt 0:03:02]} Qd6+ {[%emt 0:02:09]} 22. Bf4 {[%emt 0:00:42]} Rg5+ {[%emt 0:00:20]} 23. Kf3 {[%emt 0:00:24]} Bg4+ {[%emt 0:00:10]} 24. Kg3 {[%emt 0:00:15]} Bf5+ {[%emt 0:00:05]} 0-1

[Event "XIX Najdorf Memorial 2019"]
[Site "Warsaw"]
[Date "2019.07.10"]
[Round "5.9"]
[White "Zylka, Stanislaw"]
[Black "Harazinska, Magdalena"]
[Result "1-0"]
[WhiteElo "2308"]
[BlackElo "2004"]
[Annotator "NA"]
[PlyCount "59"]
[EventDate "2019.07.06"]
[EventType "swiss"]
[EventCountry "POL"]
[SourceTitle "playchess.com"]
[Source "ChessBase"]
[SourceQuality "1"]
[TimeControl "40/5400+30:1800+30"]

1. c4 {[%emt 0:00:00]} c5 {[%emt 0:00:08]} 2. Nf3 {[%emt 0:00:00]} Nc6 {[%emt 0:03:07]} 3. Nc3 {[%emt 0:00:00]} g6 {[%emt 0:05:06]} 4. g3 {[%emt 0:00:13]} Bg7 {[%emt 0:00:29]} 5. Bg2 {[%emt 0:00:18]} e6 {[%emt 0:01:15]} 6. d4 {[%emt 0:00:26]} Nxd4 {[%emt 0:16:48]} 7. Nxd4 {[%emt 0:00:11]} cxd4 {[%emt 0:00:28]} 8. Ne4 {[%emt 0:00:08]} Qc7 {[%emt 0:10:31]} 9. c5 {[%emt 0:07:03]} Ne7 {[%emt 0:08:27]} 10. Nd6+ {[%emt 0:05:12]} Kf8 {[%emt 0:00:43]} 11. b4 {[%emt 0:00:29]} Nf5 {[%emt 0:05:11]} 12. Nxf5 {[%emt 0:17:10]} gxf5 {[%emt 0:00:20]} 13. Bb2 {[%emt 0:00:22]} a5 {[%emt 0:09:31]} 14. O-O {[%emt 0:01:36]} d5 {[%emt 0:05:59]} 15. cxd6 {[%emt 0:03:08]} Qxd6 {[%emt 0:00:06]} 16. b5 {[%emt 0:00:25]} a4 {[%emt 0:04:58]} 17. Qd2 {[%emt 0:15:43]} Ke7 {[%emt 0:05:28]} 18. Rad1 {[%emt 0:04:05]} Rd8 {[%emt 0:01:39]} 19. e3 {[%emt 0:01:08]} a3 {[%emt 0:06:58]} 20. Bxd4 {[%emt 0:00:59]} Bxd4 {[%emt 0:00:33]} 21. exd4 {[%emt 0:00:09]} Ra4 {[%emt 0:02:21]} 22. Qg5+ {[%emt 0:07:54]} Kf8 {[%emt 0:00:49]} 23. d5 {[%emt 0:00:22]} e5 {[%emt 0:01:00]} 24. Rfe1 {[%emt 0:00:18]} f6 {[%emt 0:03:21]} 25. Qh5 {[%emt 0:00:49]} Kg7 {[%emt 0:03:05]} 26. Bh3 {[%emt 0:00:22]} Qc5 {[%emt 0:02:13]} 27. Rxe5 {[%emt 0:01:31]} Rb4 {[%emt 0:01:22]} 28. Re3 {[%emt 0:08:50]} Rb2 {[%emt 0:01:01]} 29. Rde1 {[%emt 0:00:20]} Rd7 {[%emt 0:01:01]} 30. Bxf5 {[%emt 0:00:13]} 1-0

[Event "XIX Najdorf Memorial 2019"]
[Site "Warsaw"]
[Date "2019.07.10"]
[Round "5.10"]
[White "Sieciechowicz, Marcin"]
[Black "Janik, Igor"]
[Result "1-0"]
[WhiteElo "2399"]
[BlackElo "2495"]
[Annotator "ChessBase"]
[PlyCount "61"]
[EventDate "2019.07.06"]
[EventType "swiss"]
[EventCountry "POL"]
[SourceTitle "playchess.com"]
[Source "ChessBase"]
[SourceQuality "1"]
[TimeControl "40/5400+30:1800+30"]

1. d4 {[%emt 0:00:00]} Nf6 {[%emt 0:00:00]} 2. c4 {[%emt 0:00:00]} e6 {[%emt 0:00:00]} 3. Nc3 {[%emt 0:00:00]} Bb4 {[%emt 0:00:00]} 4. e3 {[%emt 0:00:00]} O-O {[%emt 0:00:00]} 5. Bd2 {[%emt 0:00:00]} b6 {[%emt 0:02:56]} 6. Nf3 {[%emt 0:00:24]} d5 {[%emt 0:01:00]} 7. cxd5 {[%emt 0:00:20]} exd5 {[%emt 0:00:08]} 8. Bd3 {[%emt 0:00:05]} Ba6 {[%emt 0:00:16]} 9. Bxa6 {[%emt 0:00:22]} Nxa6 {[%emt 0:00:07]} 10. O-O {[%emt 0:00:24]} Re8 {[%emt 0:00:16]} 11. h3 {[%emt 0:03:02]} Bf8 {[%emt 0:02:02]} 12. Rc1 {[%emt 0:05:41]} c5 {[%emt 0:00:09]} 13. dxc5 {[%emt 0:02:22]} bxc5 {[%emt 0:01:51]} 14. Ne2 {[%emt 0:04:51]} Qb6 {[%emt 0:11:54]} 15. Bc3 {[%emt 0:02:13]} Rad8 {[%emt 0:03:04]} 16. Qa4 {[%emt 0:02:42]} Re4 {[%emt 0:06:04]} 17. Qc2 {[%emt 0:03:48]} Nb4 {[%emt 0:03:31]} 18. Bxb4 {[%emt 0:08:52]} Rxb4 {[%emt 0:00:13]} 19. b3 {[%emt 0:00:26]} a5 {[%emt 0:04:14]} 20. Nc3 {[%emt 0:04:51]} d4 {[%emt 0:02:17]} 21. Na4 {[%emt 0:02:46]} Qb5 {[%emt 0:02:34]} 22. exd4 {[%emt 0:04:50]} cxd4 {[%emt 0:00:07]} 23. Rfd1 {[%emt 0:05:22]} d3 {[%emt 0:07:44]} 24. Qc7 {[%emt 0:02:22]} Rd7 {[%emt 0:01:46]} 25. Qc8 {[%emt 0:01:01]} Qd5 {[%emt 0:05:31]} 26. Rc5 {[%emt 0:06:05]} Qd6 {[%emt 0:00:07]} 27. Rxa5 {[%emt 0:08:46]} Rb8 {[%emt 0:02:56]} 28. Qc4 {[%emt 0:06:44]} Re8 {[%emt 0:12:44]} 29. Ra6 {[%emt 0:02:12]} Qb8 {[%emt 0:00:50]} 30. Rxf6 {[%emt 0:04:36]} Rc7 {[%emt 0:01:27]} 31. Rc6 {[%emt 0:00:27]} 1-0

[Event "XIX Najdorf Memorial 2019"]
[Site "Warsaw"]
[Date "2019.07.10"]
[Round "5.10"]
[White "AlHuwar, Jasem"]
[Black "Miroshnichenko, Pavel"]
[Result "1-0"]
[WhiteElo "2255"]
[BlackElo "2300"]
[Annotator "NA RC"]
[PlyCount "119"]
[EventDate "2019.07.06"]
[EventType "swiss"]
[EventCountry "POL"]
[SourceTitle "playchess.com"]
[Source "ChessBase"]
[SourceQuality "1"]
[TimeControl "40/5400+30:1800+30"]

1. Nf3 {[%emt 0:00:30]} d5 {[%emt 0:00:00]} 2. g3 {[%emt 0:00:05]} g6 {[%emt 0:00:00]} 3. Bg2 {[%emt 0:00:21]} Bg7 {[%emt 0:00:00]} 4. O-O {[%emt 0:00:12]} e5 {[%emt 0:00:01]} 5. c4 {[%emt 0:00:29]} c6 {[%emt 0:00:19]} 6. d3 {[%emt 0:02:04]} Ne7 {[%emt 0:00:36]} 7. e4 {[%emt 0:00:22]} O-O {[%emt 0:05:08]} 8. b3 {[%emt 0:02:04]} d4 {[%emt 0:02:33]} 9. Ba3 {[%emt 0:12:33]} a5 {[%emt 0:06:44]} 10. c5 {[%emt 0:01:00]} h6 {[%emt 0:06:29]} 11. Nbd2 {[%emt 0:05:30]} Be6 {[%emt 0:01:35]} 12. Qc2 {[%emt 0:01:27]} Nd7 {[%emt 0:03:17]} 13. Nc4 {[%emt 0:00:18]} Qc7 {[%emt 0:05:40]} 14. Nfd2 {[%emt 0:02:29]} f5 {[%emt 0:07:01]} 15. Bh3 {[%emt 0:05:50]} Rad8 {[%emt 0:07:25]} 16. b4 {[%emt 0:01:22]} axb4 {[%emt 0:01:21]} 17. Bxb4 {[%emt 0:00:09]} Ra8 {[%emt 0:00:39]} 18. a4 {[%emt 0:03:10]} Kh7 {[%emt 0:02:23]} 19. Nd6 {[%emt 0:03:47]} Nc8 {[%emt 0:07:09]} 20. N2c4 {[%emt 0:01:07]} Nxd6 {[%emt 0:00:31]} 21. Nxd6 {[%emt 0:00:06]} Rf6 {[%emt 0:10:13]} 22. exf5 {[%emt 0:03:58]} Bxf5 {[%emt 0:09:01]} 23. Bg2 {[%emt 0:00:20]} Be6 {[%emt 0:02:07]} 24. a5 {[%emt 0:01:17]} Bd5 {[%emt 0:01:22]} 25. Ne4 {[%emt 0:01:50]} Rff8 {[%emt 0:01:38]} 26. Rab1 {[%emt 0:04:49]} Bxe4 {[%emt 0:05:40]} 27. dxe4 {[%emt 0:07:49]} Nf6 {[%emt 0:02:01]} 28. Rb3 {[%emt 0:01:06]} Rf7 {[%emt 0:01:00]} 29. Rfb1 {[%emt 0:00:46]} Rd8 {[%emt 0:01:38]} 30. Be1 {[%emt 0:00:42]} Qc8 {[%emt 0:00:10]} 31. Qc4 {[%emt 0:01:02]} Re7 {[%emt 0:00:15]} 32. Qf1 {[%emt 0:01:02]} Qa8 {[%emt 0:01:25]} 33. Qc4 {[%emt 0:03:32]} Red7 {[%emt 0:02:32]} 34. Rd3 {[%emt 0:00:09]} Ne8 {[%emt 0:01:18]} 35. Bh3 {[%emt 0:01:24]} Re7 {[%emt 0:00:08]} 36. Rdb3 {[%emt 0:00:33]} Nf6 {[%emt 0:01:53]} 37. f3 {[%emt 0:00:31]} h5 {[%emt 0:00:59]} 38. Bf1 {[%emt 0:14:25]} Bh6 {[%emt 0:03:08]} 39. Bd3 {[%emt 0:05:10]} Rg7 {[%emt 0:03:23]} 40. Rb6 {[%emt 0:00:00]} Rf8 {[%emt 0:00:00]} 41. Kg2 {[%emt 0:09:03]} Qc8 {[%emt 0:04:07]} 42. a6 {[%emt 0:07:37]} bxa6 {[%emt 0:03:46]} 43. Qxa6 {[%emt 0:02:28]} Rc7 {[%emt 0:13:58]} 44. Qxc8 {[%emt 0:09:09]} Rfxc8 {[%emt 0:00:15]} 45. Rb7 {[%emt 0:01:12]} Bf8 {[%emt 0:01:50]} 46. Ba5 {[%emt 0:01:14]} Rg7 {[%emt 0:01:17]} 47. Rxg7+ {[%emt 0:01:03]} Bxg7 {[%emt 0:00:45]} 48. Rb7 {[%emt 0:01:00]} g5 {[%emt 0:01:03]} 49. Bc7 {[%emt 0:01:01]} Re8 {[%emt 0:01:29]} 50. Bd6 {[%emt 0:00:45]} Kg6 {[%emt 0:01:47]} 51. Bc4 {[%emt 0:01:32]} Rd8 {[%emt 0:01:02]} 52. Be6 {[%emt 0:02:17]} Ne8 {[%emt 0:02:23]} 53. Bf5+ {[%emt 0:03:38]} Kh6 {[%emt 0:00:06]} 54. Bxe5 {[%emt 0:00:32]} d3 {[%emt 0:00:19]} 55. h4 {[%emt 0:02:52]} d2 {[%emt 0:02:07]} 56. hxg5+ {[%emt 0:00:08]} Kxg5 {[%emt 0:00:02]} 57. Bf4+ {[%emt 0:00:06]} Kf6 {[%emt 0:00:06]} 58. g4 {[%emt 0:00:06]} hxg4 {[%emt 0:02:03]} 59. fxg4 {[%emt 0:00:07]} Nc7 {[%emt 0:01:29]} 60. Rxc7 {[%emt 0:00:21]} 1-0

[Event "XIX Najdorf Memorial 2019"]
[Site "Warsaw"]
[Date "2019.07.10"]
[Round "5.11"]
[White "Ali Marandi, Cemil Can"]
[Black "Wisniewski, Michal"]
[Result "1-0"]
[WhiteElo "2527"]
[BlackElo "2103"]
[Annotator "TA"]
[PlyCount "119"]
[EventDate "2019.07.06"]
[EventType "swiss"]
[EventCountry "POL"]
[SourceTitle "playchess.com"]
[Source "ChessBase"]
[SourceQuality "1"]

{[%evp 9,119,20,27,10,12,4,8,0,20,10,23,8,23,22,14,14,17,15,13,26,18,15,74,46,39,44,41,29,14,0,21,27,20,14,26,26,81,91,103,101,108,98,123,121,152,150,180,186,179,183,190,185,185,197,197,188,206,204,222,187,215,211,209,170,161,157,164,173,174,168,152,141,173,171,197,199,199,200,208,198,201,190,202,183,205,201,226,227,232,231,220,213,275,225,385,345,382,362,353,366,377,364,458,458,430,378,379,379,380,379,378,379]} 1. e4 c5 2. Nf3 d6 3. d4 cxd4 4. Nxd4 Nf6 5. Nc3 a6 6. h4 {B90: Sicilian Najdorf: Unusual White 6th moves, 6 Be3 Ng4 and 6 Be3 e5} (6. Be3 e5 7. Nf3 Qc7 8. a4 Be7 9. a5 O-O 10. Be2 Nbd7 11. Nd2 b5 12. axb6 Nxb6 13. O-O a5 14. Nb5 Qb8 15. c4 Be6 16. Qb3 Rc8 17. Rfc1 Bd8 18. Qd1 Nbd7 19. f3 Bb6 20. Nf1 Ne8 21. Rc3 {½-½ (41) Aronian,L (2763)-Naiditsch,A (2695) Karlsruhe/Baden Baden 2019}) 6... e5 7. Nb3 Be6 8. f4 {The position is equal.} exf4 9. Bxf4 Nc6 10. Qd2 d5 11. O-O-O {[%cal Re4d5]} Bb4 12. Bg5 {[%cal Re4d5]} Nxe4 13. Qe3 Nxg5 14. Nxd5 $1 Bd6 $146 {[%cal Rd6e5]} 15. Nb6 {[#]} Qb8 (15... Ne4 $1 $11 {[%mdl 512] keeps the balance.} 16. Qxe4 (16. Nxa8 Ng3 $11) 16... Qxb6 17. Rxd6 Qc7) 16. Rxd6 Qxd6 17. Nxa8 {Threatens to win with Nb6.} O-O 18. hxg5 {Black must now prevent Nb6.} Rxa8 19. Qe4 g6 20. Qh4 h5 21. gxh6 {h7+ would kill now.} Kh7 22. Bc4 Bf5 {[#]} (22... Bxc4 $1 $11 23. Qxc4 Ne5) 23. Rd1 $1 $40 {[%cal Rd1d6][%mdl 128] Black is in trouble.} ({Of course not} 23. Bxf7 Rd8 $15) 23... Qe7 24. Qxe7 Nxe7 25. Bxf7 Kxh6 26. Nd4 Bg4 27. Re1 Nf5 28. Re6 Nh4 29. Re4 Kg5 30. g3 Nf5 31. Ne6+ Kf6 32. Bxg6 $1 ({Don't take} 32. Rxg4 $6 Kxf7 33. Nc5 b6 $16) 32... Nh6 33. Nf4 Rg8 34. Bh7 Rd8 {[%csl Gg4][%cal Rd8d1]} 35. Re1 Nf5 36. Rf1 Rh8 37. Nd5+ Kg5 38. Bxf5 Bxf5 $18 {[%mdl 4096] Endgame KRB-KRN} 39. Ne3 Bg6 40. Rd1 Be4 41. Rd4 Bf3 42. Rf4 Bc6 43. b3 Rh2 44. Rf5+ Kg6 45. Rc5 Re2 46. Rc3 Re1+ 47. Kb2 Rg1 48. Nc4 {aiming for Ne5+.} Kf5 49. a4 Bh1 50. Na5 Kg4 51. Rc7 b6 $2 (51... b5 {might work better.} 52. axb5 axb5) 52. Nc4 b5 53. axb5 axb5 54. Nd6 b4 55. Rc4+ Kxg3 56. Rxb4 Rd1 57. Ne4+ Kf3 {White is winning.} 58. Nc3 Rd2 59. Rh4 Bg2 60. b4 {Accuracy: White = 79%, Black = 45%.} 1-0

[Event "XIX Najdorf Memorial 2019"]
[Site "Warsaw"]
[Date "2019.07.10"]
[Round "5.11"]
[White "Goluch, Piotr"]
[Black "Popovic, Dusan"]
[Result "1/2-1/2"]
[WhiteElo "2386"]
[BlackElo "2487"]
[Annotator "ChessBase"]
[PlyCount "35"]
[EventDate "2019.07.06"]
[EventType "swiss"]
[EventCountry "POL"]
[SourceTitle "playchess.com"]
[Source "ChessBase"]
[SourceQuality "1"]
[TimeControl "40/5400+30:1800+30"]

1. d4 {[%emt 0:00:00]} g6 {[%emt 0:00:00]} 2. c4 {[%emt 0:00:00]} Bg7 {[%emt 0:00:00]} 3. Nf3 {[%emt 0:00:17]} d6 {[%emt 0:00:00]} 4. g3 {[%emt 0:00:07]} Nd7 {[%emt 0:00:15]} 5. Bg2 {[%emt 0:00:36]} e5 {[%emt 0:00:11]} 6. Nc3 {[%emt 0:00:40]} Ne7 {[%emt 0:00:16]} 7. h4 {[%emt 0:01:14]} h6 {[%emt 0:01:04]} 8. h5 {[%emt 0:11:21]} g5 {[%emt 0:01:03]} 9. d5 {[%emt 0:00:07]} f5 {[%emt 0:06:44]} 10. e4 {[%emt 0:00:18]} Nc5 {[%emt 0:09:28]} 11. Nh2 {[%emt 0:08:00]} O-O {[%emt 0:09:43]} 12. Be3 {[%emt 0:00:19]} Nxe4 {[%emt 0:06:10]} 13. Nxe4 {[%emt 0:00:11]} fxe4 {[%emt 0:00:06]} 14. g4 {[%emt 0:05:00]} c6 {[%emt 0:03:44]} 15. O-O {[%emt 0:03:16]} cxd5 {[%emt 0:01:11]} 16. cxd5 {[%emt 0:06:53]} Kh8 {[%emt 0:02:16]} 17. Bxe4 {[%emt 0:05:14]} Ng8 {[%emt 0:00:23]} 18. Qd2 {[%emt 0:14:12]} 1/2-1/2

[Event "XIX Najdorf Memorial 2019"]
[Site "Warsaw"]
[Date "2019.07.10"]
[Round "5.12"]
[White "Efimenko, Zahar"]
[Black "Zochowski, Kacper"]
[Result "1/2-1/2"]
[WhiteElo "2631"]
[BlackElo "2251"]
[Annotator "TA"]
[PlyCount "96"]
[EventDate "2019.07.06"]
[EventType "swiss"]
[EventCountry "POL"]
[SourceTitle "playchess.com"]
[Source "ChessBase"]
[SourceQuality "1"]

{[%evp 17,96,49,54,11,35,0,0,0,13,8,0,-38,-45,-49,-42,-43,-42,-48,-24,-30,-30,-16,-22,-24,-27,-25,-20,-24,-27,-26,-22,-33,-4,-18,0,0,0,0,9,8,18,18,21,10,19,21,18,18,22,0,19,13,15,10,30,0,30,30,30,30,30,30,30,29,29,29,29,29,29,23,24,24,28,28,32,29,34,34,195,195,195]} 1. Nf3 d6 2. d4 Nd7 3. c4 e5 4. Nc3 Ngf6 5. g3 Be7 6. Bg2 O-O 7. O-O c6 8. Qc2 Qc7 9. b3 {[%cal Bb2b3,Bb3c4][%mdl 32]} Re8 10. h3 {A54: Old Indian Defence with Nf3, but without e4} (10. Bb2 Nf8 11. Rad1 Ng6 12. h3 Bd7 13. e4 Rad8 14. Na4 Qc8 15. Kh2 b5 16. dxe5 dxe5 17. cxb5 cxb5 18. Qxc8 Bxc8 {½-½ (18) Cmilyte,V (2506)-Gulko,B (2543) Podebrady 2013}) 10... Bf8 (10... b5 $5) 11. e4 b5 12. Be3 {The position is equal.} bxc4 $146 ({Predecessor:} 12... Ba6 13. Nd2 bxc4 14. Nxc4 Rab8 15. Rfd1 Rb4 16. a3 Rbb8 17. Bf1 Bxc4 18. Bxc4 exd4 19. Rxd4 {1-0 (45) Brynell,S-Kjarulff,O Soro 1982}) 13. bxc4 Ba6 14. Qa4 Qc8 15. Nd2 Nb6 16. Qb3 Rb8 {[#] ...Nxc4 is the strong threat.} 17. Rfb1 Nxc4 (17... exd4 {is more complex.} 18. Bxd4 Nfd7 19. Qc2 c5 20. Be3 Nxc4 21. Rxb8 Qxb8 22. Nxc4 Bxc4 23. Rd1 Qc8) 18. Qxb8 Qxb8 19. Rxb8 Rxb8 20. Nxc4 Bxc4 21. dxe5 dxe5 22. Bxa7 Ra8 23. Be3 Bb4 24. Rc1 Be6 25. a4 Bxc3 26. Rxc3 Rxa4 27. Rc5 Nxe4 28. Rxe5 Nf6 29. Bxc6 Ra1+ 30. Kg2 h6 31. Bf3 Ra3 32. g4 Rd3 33. Kg3 Rd8 34. h4 Bd5 35. Be2 Re8 36. Kf4 {[#] Black must now prevent g5.} (36. Rxe8+ {with more complications.} Nxe8 37. h5 Nd6 38. f3 Nc4 39. Bd4) 36... Rxe5 (36... Be6 {feels hotter.} 37. Bf3 Rd8 38. h5 Nd5+ 39. Bxd5 Rxd5 40. Re4 Kh7) 37. Kxe5 $11 {[%mdl 4096] Endgame Strongly threatening g5. KBB-KBN} Be6 38. f3 Ba2 39. f4 Ne8 40. f5 f6+ 41. Kd4 Nd6 42. Bf4 Nf7 43. Kc5 h5 44. g5 Bb1 45. g6 {Intending Bc4! and mate.} Nh6 46. Bc4+ ({Much worse is} 46. Bxh5 Nxf5 47. Kc6 Nxh4 $15) 46... Kh8 47. Bxh6 $1 {Hoping for Be3.} gxh6 $2 (47... Bxf5 $14 48. Be3 Bxg6) 48. Be6 $18 Kg7 {Accuracy: White = 60%, Black = 45%.} 1/2-1/2